Statistics for Seinfeld Characters

Click here to take the quiz!

General Stats

  • This quiz has been taken 257 times
  • The average score is 11 of 14

Answer Stats

HintAnswer% Correct
The main character of the showJerry Seinfeld
99%
The evil neighborNewman
97%
Arrested in Los AnglesCosmo Kramer
96%
NO SOUP FOR YOUSoup Nazi
95%
The man who asked for the bread at the wrong timeGeorge Costanza
91%
Cheap Envelopes killed herSusan Ross
89%
"The Autistic Dancer"Elaine Benes
84%
George's fatherFrank Costanza
82%
Jerry's fatherMorty Seinfeld
80%
George's motherEstelle Costanza
77%
Kramer's lawyerJackie Chiles
67%
George's bossMr. Steinbrenner
65%
Jerry's motherHelen Seinfeld
63%
"Permanent Marker Eyebrows"Uncle Leo
56%

Score Distribution

Percentile by Number Answered

Percent of People with Each Score

Your Score History

You have not taken this quiz